| 000 | 00747nam a2200229Ia 4500 | ||
|---|---|---|---|
| 005 | 20260227090435.0 | ||
| 008 | 210716s2009 xx 000 0 und d | ||
| 020 | _a9788131724538 | ||
| 040 | _cAIMIT LIBRARY | ||
| 041 | _aeng | ||
| 082 |
_a658.4038011 _21 _bWOLM |
||
| 100 |
_aWolenik, Marc J. _965087 |
||
| 245 |
_aMicrosoft dynamics CRM 4.0: _bunleashed / _cBy Marc J Wolenik and Damian Sinay. |
||
| 250 | _a1st ed. | ||
| 260 |
_aNew Delhi : _bPearson Education , _c2009. |
||
| 300 |
_axiv,846p. ; _c24 cm. _bPB |
||
| 650 |
_aNew features of microsoft dynamics CRM _965088 |
||
| 650 |
_aRequirements for CRM 4.0 _965089 |
||
| 650 |
_aWorking with sales _965090 |
||
| 700 |
_aSinay, Damian. _965091 |
||
| 942 |
_2ddc _cBK _e1st _k658.4038011 WOLM |
||
| 999 |
_c189107 _d189107 |
||